[Event "4th Penang Heritage City Open"]
[Site "Penang MAS"]
[Date "2012.12.12"]
[Round "4.6"]
[White "Ng Tze Han"]
[Black "Tan Khai Boon"]
[Result "1-0"]
[WhiteElo "2294"]
[BlackElo "2139"]

1.Nf3 d5 2.c4 c6 3.g3 Nf6 4.Bg2 dxc4 5.O-O g6 6.a4 Bg7 7.Na3 O-O 8.Nxc4 Na6
9.d4 Be6 10.b3 Bd5 11.Bb2 Qc7 12.Qe1 Rfd8 13.Rc1 Rab8 14.a5 b6 15.axb6 axb6
16.b4 Qb7 17.Nce5 Rbc8 18.Bh3 e6 19.Ng5 Rc7 20.e4 Nxe4 21.Nxe4 c5 22.Nc3 cxd4
23.Nxd5 Rxc1 24.Bxc1 Qxd5 25.Nd3 e5 26.Bg2 Qb5 27.Qd2 f5 28.f3 h5 29.Re1 Kh7
30.h3 Re8 31.g4 Nc7 32.gxh5 gxh5 33.Qc2 Qd7 34.Qf2 Nd5 35.Qg3 Qd6 36.Qg5 Qg6
37.h4 Qxg5 38.hxg5 Kg6 39.Nf4+ Nxf4 40.Bxf4 Kf7 41.Bd2 h4 42.Kh2 Rc8 43.Rc1 Rxc1
44.Bxc1 Bf8 45.Bd2 Ke6 46.Bh3  1-0

[Event "5th Kolkata Open"]
[Site "Kolkata IND"]
[Date "2012.12.13"]
[Round "11.3"]
[White "Swapnil,SD"]
[Black "Sengupta,D"]
[Result "1/2-1/2"]
[WhiteElo "2438"]
[BlackElo "2540"]

1.Nf3 d5 2.c4 e6 3.d4 c6 4.Nc3 dxc4 5.e4 b5 6.a4 Bb4 7.Be2 Nf6 8.Qc2 Bb7
9.O-O a6 10.e5 Nd5 11.Ne4 h6 12.b3 cxb3 13.Qxb3 Be7 14.Rd1 Nd7 15.Ba3 b4
16.Bb2 a5 17.Nfd2 O-O 18.Rac1 Qb8 19.Nc4 Kh8 20.Ncd6 f5 21.Nc5 Nxc5 22.dxc5 Ba6
23.Bf3 Ra7 24.g3 Bd8 25.h4 g6 26.Rc2 Rg7 27.Bc1 Kh7 28.Kg2 Qa7 29.Rh1 Be7
30.h5 g5 31.g4 fxg4 32.Bxg4 Bxd6 33.exd6 Qf7 34.Re1 e5 35.Kg1 Bc8 36.Bxc8 Rxc8
37.Qd3+ Kh8 38.Bb2 Nf4 39.Qg3 Qf5 40.Rd2 Re8 41.Qf3 Kg8 42.Qxc6 Qg4+ 43.Kf1 Qh3+
44.Kg1 Qg4+ 45.Kf1 Rc8 46.Qe4 Rxc5 47.Bxe5 Qh3+ 48.Kg1 Qg4+ 49.Kf1 Qh3+ 50.Kg1 b3
51.d7 Qg4+ 52.Kf1 Qh3+ 53.Kg1 Qg4+ 54.Kf1 Qh3+  1/2-1/2

[Event "Czech Coal Match"]
[Site "Podebrady CZE"]
[Date "2012.12.13"]
[Round "5.1"]
[White "Hort,V"]
[Black "Kashlinskaya,A"]
[Result "1-0"]
[WhiteElo "2455"]
[BlackElo "2344"]

1.Nf3 d5 2.c4 d4 3.d3 g6 4.g3 Bg7 5.Bg2 c5 6.b4 cxb4 7.a3 bxa3 8.Bxa3 Nc6
9.Nbd2 Nf6 10.O-O O-O 11.Qc2 Qc7 12.Rfb1 Rd8 13.Nb3 Nh5 14.Nbd2 Rb8 15.Qa4 Bd7
16.Rb2 b6 17.Rab1 Nf6 18.Qd1 h6 19.Ne1 a6 20.Nc2 e5 21.Ne1 Be8 22.Qb3 Bd7
23.Nc2 Re8 24.Ne4 Nxe4 25.Bxe4 a5 26.Qa2 Nd8 27.Bg2 Ne6 28.Ne1 Bc6 29.Bxc6 Qxc6
30.Qb3 Nc7 31.Qc2 f5 32.Ng2 e4 33.Qd1 Kh7 34.Rb3 Ne6 35.Rb5 Nc7 36.R5b3 Be5
37.Bc1 Ne6 38.Rb5 Nc5 39.Ba3 exd3 40.exd3 Bd6 41.Bxc5 Bxc5 42.Nf4 Re5 43.Nd5 Rbe8
44.Kg2 Re2 45.Rxb6 Bxb6 46.Rxb6 Qa8 47.Qa4 R2e5 48.Qb5 a4 49.Ra6 Qd8 50.Rxa4 R8e7
51.Qc6 R5e6 52.Qc5 Rd7 53.Qxd4 f4 54.Qxf4 Rxd5 55.Qf7+ Kh8 56.Ra7 Qg8 57.Qxg8+ Kxg8
58.cxd5 Rd6 59.Ra5  1-0

[Event "III ITT JAHV McGREGOR"]
[Site "Bogota COL"]
[Date "2012.12.15"]
[Round "6.99"]
[White "Abril,M"]
[Black "Silva,Julio Armando"]
[Result "1-0"]
[WhiteElo "1975"]
[BlackElo "1709"]

1.Nf3 d5 2.c4 c6 3.e3 Bg4 4.Qb3 Bc8 5.Nc3 e6 6.Be2 Nd7 7.d4 Ngf6 8.O-O Bd6
9.Bd2 Rb8 10.Rac1 O-O 11.Qc2 Bb4 12.b3 Bxc3 13.Bxc3 Ne4 14.Bb4 Re8 15.Bd3 Ndf6
16.Ne5 Nd6 17.Qb2 a5 18.Ba3 Nf5 19.Qc2 Ne7 20.g4 Ng6 21.f3 Nd7 22.f4 Ndxe5
23.fxe5 Qh4 24.Qg2 b5 25.Bd6 Rb7 26.cxb5 cxb5 27.Qf3 Nh8 28.Qg2 Qd8 29.Rc5 Bd7
30.Qh3 Ng6 31.Rxf7 Kxf7 32.Qxh7 Qg5 33.Rc2 Qxe3+ 34.Rf2+ Qxf2+ 35.Kxf2 Nf4
36.Bb1 Rc8 37.Kf3 Rc1 38.Kxf4 Rxb1 39.Qxb1 g6 40.Kg5  1-0

[Event "4th Penang Heritage City Open"]
[Site "Penang MAS"]
[Date "2012.12.15"]
[Round "9.15"]
[White "Looi,X"]
[Black "Tan Weiliang"]
[Result "0-1"]
[WhiteElo "2030"]
[BlackElo "2214"]

1.Nf3 d5 2.c4 c6 3.g3 Nf6 4.Bg2 dxc4 5.Na3 g6 6.O-O Bg7 7.Nxc4 O-O 8.d4 Be6
9.b3 Na6 10.Bb2 Rc8 11.Ng5 Bxc4 12.bxc4 Qa5 13.Qc1 Nd7 14.Bh3 Rcd8 15.f4 Nb6
16.f5 Na4 17.fxg6 hxg6 18.Nxf7 Rxf7 19.Be6 Bf6 20.d5 Qb6+ 21.Kg2 Qxb2 22.Qh6 Qxe2+
23.Rf2 Qxf2+ 24.Kxf2 Bxa1+ 25.Kg2 Bg7 26.Qxg6 Rf8 27.h4 N4c5 28.Bxf7+ Rxf7
29.h5 Rf6 30.Qe8+ Bf8 31.g4 Ne4 32.Kh3 Nac5 33.Qb8 Ng5+ 34.Kg2 Nce4 35.Qe5 Rf2+
36.Kh1 Rf1+  0-1

[Event "4th Penang Heritage City Open"]
[Site "Penang MAS"]
[Date "2012.12.15"]
[Round "9.2"]
[White "Ng Tze Han"]
[Black "Nguyen Duc Hoa"]
[Result "0-1"]
[WhiteElo "2294"]
[BlackElo "2503"]

1.Nf3 d5 2.c4 e6 3.g3 Nf6 4.Bg2 Be7 5.O-O O-O 6.d4 dxc4 7.Qa4 a6 8.Qxc4 b5
9.Qc2 Bb7 10.Bd2 Be4 11.Qc1 Qc8 12.Bg5 Nbd7 13.Nbd2 Bb7 14.Nb3 h6 15.Bxf6 Bxf6
16.Nc5 Nxc5 17.Qxc5 Qd8 18.Ne5 Bxg2 19.Kxg2 Bxe5 20.Qxe5 Qd6 21.Qxd6 cxd6
22.Rfc1 Rfc8 23.e3 Kf8 24.Kf3 Ke7 25.Ke2 Kd7 26.Kd3 h5 27.h4 d5 28.Kd2 Kd6
29.Kd3 a5 30.Kd2 f6 31.Rxc8 Rxc8 32.Rg1 Ke7 33.Kd3 Kf7 34.f3 b4 35.Kd2 Rc4
36.Rc1 g5 37.Rh1 Kg6 38.g4 hxg4 39.fxg4 gxh4 40.Rxh4 a4 41.Rh2 b3 42.axb3 axb3
43.Kd1 Kg5 44.Rf2 Rc7 45.Rf3 Rc2 46.e4 dxe4 47.Rxb3 Rc4 48.Rb6 Kxg4 49.Rxe6 Rxd4+
50.Ke2 f5 51.Rb6 Ra4 52.Rb8 Kf4 53.Rb5 Ra7 54.Kf2 Rc7 55.Ke2 Rc2+ 56.Kd1 Rh2
57.Ke1 e3 58.Kf1 Ke4  0-1

[Event "ch-CZE Blitz 2012"]
[Site "Prague CZE"]
[Date "2012.12.15"]
[Round "9.2"]
[White "Jirovsky,M"]
[Black "Plat,V"]
[Result "0-1"]
[WhiteElo "2453"]
[BlackElo "2483"]

1.Nf3 d5 2.c4 Nf6 3.cxd5 Nxd5 4.e4 Nb6 5.Nc3 c6 6.h3 g6 7.d4 Bg7 8.Be3 O-O
9.Be2 Be6 10.O-O Nc4 11.Bc1 Nd6 12.Be3 Nc4 13.Bg5 h6 14.Bf4 Nb6 15.Qd2 Kh7
16.Rad1 f5 17.Be5 fxe4 18.Nxe4 Nc4 19.Bxc4 Bxc4 20.Rfe1 Nd7 21.Bxg7 Kxg7
22.Nc3 Nb6 23.Ne5 Bf7 24.Ng4 Rh8 25.Qf4 Qd6 26.Qxd6 exd6 27.Re7 Rab8 28.b3 h5
29.Nh2 Rhe8 30.Rde1 Rxe7 31.Rxe7 Kf6 32.Rc7 Bd5 33.Nf1 a5 34.Ne3 a4 35.bxa4 Ra8
36.Rxb7 Nxa4 37.Ncxd5+ cxd5 38.Nxd5+ Kg5 39.g3 Ra5 40.Nf4 Nc3 41.Rg7 h4 42.Rxg6+ Kf5
43.Rxd6 hxg3 44.fxg3 Rxa2 45.Rc6 Ne4 46.Nh5 Kg5 47.g4 Kh4 48.d5 Ng5 49.Rc3 Rd2
50.Nf4 Rd1+ 51.Kf2 Ne4+ 52.Kg2 Nxc3 53.Ng6+ Kg5 54.Ne7 Nxd5 55.Nf5 Rd2+ 56.Kg3 Rd3+
57.Kg2 Nf4+ 58.Kf2 Nxh3+ 59.Ke2 Nf4+ 60.Kf2 Kxg4 61.Ne3+ Kg5 62.Nf1 Kf5 63.Ne3+ Ke4
64.Nf1 Rf3+ 65.Kg1 Ra3 66.Kf2 Ra2+ 67.Kg1 Nh3+ 68.Kh1 Kf3 69.Nd2+ Kg4 70.Nf1 Nf4
71.Ne3+ Kf3 72.Nf1 Ra8 73.Kg1 Rg8+ 74.Kh1 Kf2 75.Ng3 Rxg3 76.Kh2 Rh3+  0-1

[Event "ch-CZE Blitz H18 2012"]
[Site "Prague CZE"]
[Date "2012.12.15"]
[Round "11.1"]
[White "Pulpan,J"]
[Black "Toman,Ondrej"]
[Result "1-0"]
[WhiteElo "2099"]
[BlackElo "2101"]

1.Nf3 d5 2.c4 c6 3.cxd5 cxd5 4.d4 Nc6 5.Nc3 Nf6 6.Bf4 a6 7.e3 e6 8.a3 Bd6
9.Bxd6 Qxd6 10.Bd3 O-O 11.Rc1 Bd7 12.O-O Rac8 13.Na4 Rc7 14.b4 Rfc8 15.Nc5 Be8
16.Qe2 Nd7 17.Rc2 e5 18.Nxd7 Bxd7 19.dxe5 Nxe5 20.Rfc1 Nxf3+ 21.Qxf3 Bc6
22.Qg4 Re8 23.Qd4 Rce7 24.Qc5 Qh6 25.b5 axb5 26.Bxb5 Bxb5 27.Qxb5 d4 28.Rc8 Qe6
29.Rxe8+ Rxe8 30.exd4 h6 31.h3 Rd8 32.Qxb7 Rxd4 33.Qc8+ Qxc8 34.Rxc8+ Kh7
35.Rc3 Ra4 36.g3 g6 37.Kf1 Kg7 38.h4 h5 39.Ke2 Kf6 40.Rf3+ Ke6 41.Kd2 Ra7
42.Kc2 Ke5 43.Kb3 Ke4 44.Re3+ Kd4 45.a4 Rb7+ 46.Ka3 Ra7 47.Rf3 Ke4 48.Rf4+ Kd5
49.f3 Kc5 50.g4 hxg4 51.fxg4 Kd5 52.h5 Ke5 53.Rb4 gxh5  1-0

[Event "Amplico ch-EUR Rapid"]
[Site "Warsaw POL"]
[Date "2012.12.15"]
[Round "2.15"]
[White "Gajewski,G"]
[Black "Adamowicz,K"]
[Result "1-0"]
[WhiteElo "2644"]
[BlackElo "2107"]

1.Nf3 d5 2.c4 c6 3.e3 Nf6 4.Nc3 g6 5.d4 Bg7 6.Be2 O-O 7.O-O Nbd7 8.cxd5 cxd5
9.Qb3 Nb6 10.a4 a5 11.Bd2 Be6 12.Rfc1 h6 13.Nb5 Nc4 14.Be1 Ne4 15.Qc2 Rc8
16.Qb1 f5 17.b3 Ncd6 18.Rxc8 Bxc8 19.Ne5 Kh7 20.f3 Ng5 21.Bg3 Nxb5 22.axb5 Bxe5
23.Bxe5 Nf7 24.Bg3 b6 25.b4 Nd6 26.bxa5 bxa5 27.b6 Nb7 28.Qb5 Be6 29.Rc1 a4
30.Rc7 Qa8 31.Rxe7+ Bf7 32.Qxd5 Kg8 33.Rxf7 Rxf7 34.Bc4 Qe8 35.Be5 Kf8 36.Kf2 a3
37.Ke2 Qe7 38.Kd3 Qd7 39.Qxf7+ Qxf7 40.Bxf7 Kxf7 41.Kc2 Na5 42.d5 Ke7 43.e4 Kd7
44.Kb1 Kc8 45.Ka2 Kb7 46.Bd4 Nc4 47.e5  1-0

[Event "Amplico ch-EUR Rapid"]
[Site "Warsaw POL"]
[Date "2012.12.15"]
[Round "4.15"]
[White "Tkachiev,V"]
[Black "Girya,O"]
[Result "1-0"]
[WhiteElo "2650"]
[BlackElo "2467"]

1.Nf3 d5 2.c4 d4 3.b4 a5 4.Qa4+ c6 5.Bb2 e5 6.Nxe5 Bxb4 7.Nf3 Nf6 8.Bxd4 O-O
9.a3 Be7 10.e3 Bf5 11.Be2 c5 12.Bb2 Qb6 13.Qb5 Qxb5 14.cxb5 Nbd7 15.O-O Nb6
16.Nc3 Rfd8 17.d4 Ne4 18.Nxe4 Bxe4 19.dxc5 Na4 20.Bd4 Nxc5 21.Bc4 Bd5 22.Bxc5 Bxc5
23.Bxd5 Rxd5 24.a4 Rad8 25.Rac1 b6 26.g4 f6 27.Rc4 Rd3 28.Rfc1 Kf7 29.g5 R8d6
30.Kg2 Ra3 31.gxf6 Rxf6 32.Ng5+ Kg8 33.Ne4 Rg6+ 34.Kf3 h6 35.Nxc5 bxc5 36.R1c2 Rf6+
37.Ke4 Rd6 38.Rb2 Rb6 39.Kd5 Rd3+ 40.Kxc5 Rdd6 41.Rd4 Rf6 42.Rbd2 Rb7 43.Rd7 Rxd7
44.Rxd7 Rxf2 45.b6 Rb2 46.b7 Kh7 47.Kc6  1-0

[Event "Amplico ch-EUR Rapid"]
[Site "Warsaw POL"]
[Date "2012.12.16"]
[Round "10.16"]
[White "Olszewski,Mi"]
[Black "Dziuba,M"]
[Result "1-0"]
[WhiteElo "2533"]
[BlackElo "2602"]

1.Nf3 d5 2.c4 c6 3.e3 Nf6 4.Nc3 a6 5.b3 Bg4 6.h3 Bxf3 7.Qxf3 e6 8.Bb2 Nbd7
9.g4 Nc5 10.d3 a5 11.g5 Nfd7 12.d4 Ne4 13.Nxe4 dxe4 14.Qxe4 Bb4+ 15.Kd1 Qxg5
16.Bd3 Qf6 17.Qg2 O-O 18.f4 a4 19.a3 Be7 20.b4 Qh6 21.Kc2 Kh8 22.Rhg1 Rg8
23.e4 Rac8 24.Raf1 b5 25.c5 Rcd8 26.f5 exf5 27.Rxf5 f6 28.Bc1 Qh4 29.Qf1 g5
30.Rg4 Qh5 31.Bb2 h6 32.Qf3 Rgf8 33.h4 Qf7 34.d5 Rde8 35.hxg5 Rg8 36.gxf6 Bxc5
37.Rg7 Qf8 38.Qh5 Be3 39.Qg6 Nxf6 40.Rh7+  1-0

[Event "Amplico ch-EUR Rapid"]
[Site "Warsaw POL"]
[Date "2012.12.16"]
[Round "11.42"]
[White "Castiglione,M"]
[Black "Volodin,Alek"]
[Result "0-1"]
[WhiteElo "2282"]
[BlackElo "2506"]

1.Nf3 d5 2.c4 c6 3.b3 Nf6 4.Bb2 Bg4 5.e3 e6 6.h3 Bh5 7.g4 Bg6 8.g5 Ne4 9.h4 Bh5
10.Be2 h6 11.d3 Qa5+ 12.Kf1 Nd6 13.Nc3 Nd7 14.Rg1 O-O-O 15.cxd5 exd5 16.a3 hxg5
17.b4 Qb6 18.Rxg5 Bxf3 19.Bxf3 Rxh4 20.Na4 Qa6 21.Nc5 Nxc5 22.bxc5 Ne4 23.Rg4 Rh6
24.Be2 Nxc5 25.Be5 Nd7 26.Bf4 Rh1+ 27.Rg1 Rxg1+ 28.Kxg1 c5 29.Rb1 Qg6+ 30.Kf1 Bd6
31.Qa4 Rh8 32.Bf3 Qxd3+ 33.Kg2 Bxf4 34.Rxb7 Kxb7 35.Qxd7+ Kb8 36.Bxd5 Qg6+
37.Kf3 Bc7 38.Be4 Qh5+  0-1

[Event "19th Zadar Open B"]
[Site "Zadar CRO"]
[Date "2012.12.16"]
[Round "1.6"]
[White "Mihalinec,D"]
[Black "Totic,Zeljko"]
[Result "1-0"]
[WhiteElo "2235"]
[BlackElo "1925"]

1.c4 d5 2.Nf3 Nf6 3.g3 e6 4.Bg2 Nbd7 5.b3 c6 6.O-O Be7 7.Bb2 O-O 8.d3 Re8
9.Nbd2 b6 10.a3 Bb7 11.b4 c5 12.Rb1 cxb4 13.axb4 a6 14.Qb3 b5 15.cxb5 axb5
16.Nd4 Ra4 17.Bc3 Qb6 18.Ra1 Rea8 19.Rxa4 Rxa4 20.Rb1 g6 21.Nc2 e5 22.d4 e4
23.Qb2 Qc6 24.Nb3 Ra8 25.Na5 Qc7 26.Bd2 Nb6 27.Na3 Ba6 28.Rc1 Nc4 29.N3xc4 dxc4
30.Bf4 Qd7 31.Be5 Rc8 32.h3 Nd5 33.Bxe4 Nxb4 34.d5 Bc5 35.Bh8 Bf8 36.Bc3 Qe7
37.Bf3 Nxd5 38.Bxd5 b4 39.Nc6 Rxc6 40.Bxc6 bxc3 41.Qa2 Bc8 42.Rxc3 Bxh3 43.Qxc4 h5
44.Bd5 Bg4 45.Re3 Qa7 46.Kg2 Kg7 47.Qc3+ Kg8 48.Qf6 Qd7 49.Qxg6+ Bg7 50.Qe4 Bf5
51.Qe8+ Qxe8 52.Rxe8+ Bf8 53.e4 Bh7 54.f4 Kg7 55.Rd8 Bg8 56.Kf3 Be7 57.Rd7 Ba3
58.e5 Kf8 59.f5 Bb2 60.f6 Ke8 61.Bc6  1-0

[Event "15th Padova Open 2012"]
[Site "Padova ITA"]
[Date "2012.12.17"]
[Round "2.1"]
[White "Valsecchi,A"]
[Black "Petkov,V"]
[Result "1-0"]
[WhiteElo "2422"]
[BlackElo "2567"]

1.Nf3 d5 2.c4 d4 3.b4 f6 4.e3 e5 5.c5 d3 6.Bb2 Nc6 7.Qa4 a5 8.a3 Be6 9.Qb5 axb4
10.axb4 Rxa1 11.Bxa1 Qa8 12.Bxe5 fxe5 13.Bxd3 Bd7 14.Qc4 Qa4 15.Bxh7 Qxb4
16.Bg6+ Kd8 17.Qxb4 Nxb4 18.Nxe5 Nh6 19.d4 b6 20.cxb6 cxb6 21.Nc3 Bd6 22.Nc4 Bc7
23.Ke2 b5 24.Na3 Nf5 25.Naxb5 Rh6 26.Bxf5 Bxf5 27.Nxc7 Kxc7 28.e4 Bg4+ 29.f3 Bc8
30.Rb1 Nc6 31.d5 Ne5 32.Ke3 Rxh2 33.Kd4 Ng6 34.Nb5+ Kd8 35.g3 Rd2+ 36.Ke3 Rg2
37.Nd6 Bd7 38.Nb7+ Kc7 39.Nc5 Bc8 40.g4 Ne5 41.Rc1 Kd6 42.Nd3 Nxd3 43.Rc6+ Ke7
44.Kxd3 Bd7 45.Rb6 Rf2 46.Ke3 Rf1 47.Ra6 Bb5 48.Rg6 Kf7 49.Rb6 Ba4 50.g5 Bd1
51.g6+ Ke7 52.f4 Re1+ 53.Kd4 Bf3 54.Re6+ Kd7 55.f5 Bh1 56.d6 Ra1 57.e5 Rd1+
58.Ke3 Re1+ 59.Kf2 Re4 60.Re7+ Kd8 61.e6 Rf4+ 62.Kg3 Rd4 63.Rd7+ Ke8 64.f6  1-0

[Event "World Cities Team GpF"]
[Site "Al-Ain UAE"]
[Date "2012.12.22"]
[Round "1.6"]
[White "Shoker,S"]
[Black "Sokolov,Ivan"]
[Result "0-1"]
[WhiteElo "2490"]
[BlackElo "2667"]

1.Nf3 d5 2.c4 dxc4 3.Qa4+ Nd7 4.Qxc4 Rb8 5.Nc3 a6 6.a4 e5 7.d4 exd4 8.Qxd4 Ngf6
9.Bg5 h6 10.Qe3+ Qe7 11.Qxe7+ Bxe7 12.Bf4 Bd8 13.e4 Nc5 14.Nd2 Ne6 15.Be5 O-O
16.f3 Nh5 17.Bc4 Kh8 18.Ne2 Nc5 19.a5 Be6 20.g4 Bxc4  0-1

[Event "19th Zadar Open B"]
[Site "Zadar CRO"]
[Date "2012.12.22"]
[Round "9.4"]
[White "Bozinovic,Bog"]
[Black "Villegas,P"]
[Result "0-1"]
[WhiteElo "2187"]
[BlackElo "2202"]

1.Nf3 d5 2.c4 e6 3.d4 Nf6 4.Nc3 Be7 5.Bg5 O-O 6.e3 h6 7.Bh4 Ne4 8.Bxe7 Qxe7
9.Rc1 c6 10.Bd3 Nxc3 11.Rxc3 dxc4 12.Bxc4 Nd7 13.O-O b6 14.Bd3 c5 15.Be4 Rb8
16.Qa4 Bb7 17.Bxb7 Rxb7 18.Qa6 Rfb8 19.Rfc1 e5 20.dxc5 Nxc5 21.Qc4 Rd7 22.b4 Na4
23.R3c2 b5 24.Qe4 Rbd8 25.g3 f6 26.Nh4 Qf7 27.Nf5 Nb6 28.Rc5 Qxa2 29.Rxb5 Qe2
30.Nxh6+ Kh8 31.Qg6 Qxb5 32.Qh5 gxh6 33.Qxh6+ Kg8 34.Qg6+ Rg7 35.Qxf6 Qd5
36.Rc5 Rf8 37.Qxe5 Qd1+  0-1

[Event "3rd Arco Christmas"]
[Site "Arco ITA"]
[Date "2012.12.26"]
[Round "1.5"]
[White "Dappiano,A"]
[Black "Feichter,Matthias"]
[Result "1-0"]
[WhiteElo "2183"]
[BlackElo "1720"]

1.Nf3 d5 2.c4 d4 3.g3 c5 4.Bg2 Qc7 5.O-O Nf6 6.e3 dxe3 7.dxe3 g6 8.Nc3 Bg7
9.e4 e5 10.Nb5 Qe7 11.Nd6+  1-0

[Event "5th Marseille Open"]
[Site "Marseille FRA"]
[Date "2012.12.26"]
[Round "1.6"]
[White "Arnaudov,G"]
[Black "Kaser,S"]
[Result "1-0"]
[WhiteElo "2483"]
[BlackElo "1782"]

1.Nf3 d5 2.c4 c6 3.g3 Nf6 4.Bg2 e6 5.O-O Bd6 6.d4 O-O 7.Nc3 Nbd7 8.Nd2 dxc4
9.Nxc4 Bc7 10.e4 e5 11.d5 cxd5 12.exd5 Nb6 13.Ne3 Qe7 14.a4 Bd7 15.b3 Rfd8
16.a5 Nc8 17.a6 Nd6 18.axb7 Rab8 19.Rxa7 Bb6 20.Ra6 Rxb7 21.Ba3 Bc7 22.Nc4 Bb5
23.Nxb5 Rxb5 24.Ra7 Rd7 25.Rxc7  1-0

[Event "5th Marseille Open"]
[Site "Marseille FRA"]
[Date "2012.12.26"]
[Round "1.12"]
[White "Goldsztejn,Gi"]
[Black "Desmas,W"]
[Result "1-0"]
[WhiteElo "2415"]
[BlackElo "1764"]

1.Nf3 d5 2.c4 c6 3.e3 Nf6 4.b3 Bf5 5.Bb2 e6 6.Be2 Bd6 7.Ne5 Nbd7 8.f4 Bxe5
9.fxe5 Ne4 10.O-O Qg5 11.cxd5 exd5 12.Kh1 Qh4 13.Qe1 Qxe1 14.Rxe1 Nf2+ 15.Kg1 Nd3
16.Bxd3 Bxd3 17.Nc3 O-O 18.Ne2 Rfe8 19.Nf4 Bf5 20.d4 f6 21.Rf1 Be4 22.exf6 Nxf6
23.h3 g5 24.Ne2 Bd3 25.Rxf6 Bxe2 26.Kf2 Bd3 27.Ba3 Kg7 28.Rf3 Re6 29.Re1 Bc2
30.Rh1 b6 31.Rg3 h6 32.h4 Kg6 33.hxg5 hxg5 34.Rgh3 Rae8 35.g4 a5 36.Rh7 Kf6
37.Rc7 Rxe3 38.Rxc6+ R8e6 39.Rxc2 a4 40.Rh6+  1-0

[Event "3rd Arco Christmas"]
[Site "Arco ITA"]
[Date "2012.12.27"]
[Round "3.5"]
[White "Dappiano,A"]
[Black "Bisaro,A"]
[Result "1-0"]
[WhiteElo "2183"]
[BlackElo "1777"]

1.Nf3 d5 2.c4 e6 3.g3 c6 4.Bg2 Nf6 5.O-O Nbd7 6.b3 Be7 7.Bb2 O-O 8.d3 Re8
9.Nbd2 Bf8 10.e4 dxe4 11.Nxe4 Nxe4 12.dxe4 e5 13.Nxe5 Nxe5 14.Qxd8 Rxd8 15.Bxe5 Bc5
16.Bc7 Rd7 17.Bf4 Rd8 18.Bf3 Be6 19.Rad1 Bb6 20.Bd6 Rd7 21.c5 Bc7 22.Bxc7 Rxc7
23.Rd6 Kf8 24.Be2 a5 25.Rd4 Ke7 26.Bc4 Bxc4 27.Rxc4 Rd7 28.Rfc1 Rd2 29.R1c2 Rad8
30.Rxd2 Rxd2 31.Ra4 Kd7 32.Rxa5 Kc7 33.Kg2 Rd4 34.Kf3 Rd2 35.Ra8 g6 36.Rf8 Rd7
37.g4 b6 38.cxb6+ Kxb6 39.Ke3 Kb5 40.Rb8+ Kc5 41.a4 Re7 42.a5 f5 43.gxf5 gxf5
44.a6 Rxe4+ 45.Kf3 Re7 46.Rb7 Re8 47.a7 Ra8 48.Rxh7 Kb4 49.Rb7+  1-0

[Event "2nd Erfurter WGM"]
[Site "Erfurt GER"]
[Date "2012.12.27"]
[Round "3.5"]
[White "Klek,H"]
[Black "Rajlich,I"]
[Result "0-1"]
[WhiteElo "2239"]
[BlackElo "2410"]

1.Nf3 d5 2.c4 d4 3.b4 a5 4.Bb2 axb4 5.Nxd4 Nf6 6.d3 e5 7.Nb3 Nbd7 8.g3 c6
9.Bg2 Qc7 10.Qc2 Nc5 11.Nxc5 Bxc5 12.O-O O-O 13.a3 bxa3 14.Nxa3 Bg4 15.Nb1 Rxa1
16.Bxa1 h5 17.Nc3 h4 18.gxh4 Ba7 19.h3 Bc8 20.Rd1 Nh5 21.e3 Bb8 22.Qe2 Nf6
23.Qf3 Qe7 24.Ne2 Nh7 25.Qh5 f5 26.d4 e4 27.d5 Bd7 28.Nc3 Be8 29.Qe2 Qxh4
30.d6 Bh5 31.Qb2 Qg5 32.h4 Qg6 33.Ne2 Bxe2 34.Qxe2 Bxd6 35.c5 Be7 36.Rd7 Bf6
37.Qa2+ Kh8 38.Rxb7 Qg4 39.Qb1 Bxa1 40.Qxa1 Rd8 41.Rb1 Qxh4 42.Qa5 Qe7 43.Qb6 Qd7
44.Bf1 Nf6 45.Be2 Nd5 46.Qa5 Rf8 47.Qd2 Qe7 48.Qd4 f4 49.exf4 Nxf4 50.Rb2 Qg5+
51.Kf1 Nh3 52.Ke1 Nxf2  0-1

[Event "36th Zurich Christmas Open"]
[Site "Zuerich SUI"]
[Date "2012.12.27"]
[Round "2.3"]
[White "Goldstern,F"]
[Black "Istratescu,A"]
[Result "1/2-1/2"]
[WhiteElo "2318"]
[BlackElo "2654"]

1.Nf3 d5 2.c4 d4 3.g3 Nc6 4.Bg2 e5 5.d3 Nf6 6.O-O a5 7.e3 Be7 8.exd4 exd4
9.Na3 Nd7 10.Nb5 Nc5 11.Re1 O-O 12.Bf4 Ne6 13.Rxe6 Bxe6 14.Nxc7 Ra7 15.Nxe6 fxe6
16.Qe2 Kh8 17.Qxe6 Ra6 18.Re1 Bf6 19.Qe2 Ra8 20.Qd1 Qb6 21.Qe2 Qd8 22.h4 Re8
23.Qd1 Rxe1+ 24.Nxe1 Qf8 25.Be4 g6 26.Qg4 Qf7 27.Nf3 Rf8 28.a3 Qe8 29.Ng5 h5
30.Qd1 Bxg5 31.Bxg5 Ne5 32.Bh6 Rf6 33.Bg5 Rb6 34.Qc1 Qf7 35.Bd8 Rd6 36.Qh6+ Kg8
37.Bd5 Rxd5 38.cxd5 Qxd5 39.Bf6 Nf3+ 40.Kf1 Nh2+ 41.Kg1 Nf3+ 42.Kf1  1/2-1/2

[Event "3rd Arco Christmas"]
[Site "Arco ITA"]
[Date "2012.12.28"]
[Round "4.7"]
[White "Gehrke,R"]
[Black "Perich,S"]
[Result "1/2-1/2"]
[WhiteElo "2064"]
[BlackElo "1870"]

1.Nf3 d5 2.c4 c6 3.g3 Nf6 4.Bg2 e6 5.O-O Bd6 6.d4 O-O 7.Nbd2 Nbd7 8.Qc2 Re8
9.e4 dxe4 10.Nxe4 Nxe4 11.Qxe4 Nf6 12.Qc2 Qc7 13.Re1 Bd7 14.Ne5 Rad8 15.Bf4 Qb8
16.a3 Nh5 17.Be3 Qc8 18.Rad1 Nf6 19.b4 Bf8 20.Qb3 Re7 21.Bg5 h6 22.Bxf6 gxf6
23.Ng4 Bg7 24.Qe3 e5  1/2-1/2

[Event "Groningen Open A"]
[Site "Groningen NED"]
[Date "2012.12.28"]
[Round "7.10"]
[White "Hovhanisian,M"]
[Black "Pijpers,A"]
[Result "1-0"]
[WhiteElo "2477"]
[BlackElo "2351"]

1.Nf3 d5 2.c4 d4 3.e3 Nc6 4.exd4 Nxd4 5.Nxd4 Qxd4 6.Nc3 Bg4 7.Be2 Bxe2 8.Qxe2 c6
9.b3 e6 10.Bb2 Nf6 11.O-O-O Qd8 12.g4 Qa5 13.f4 Ba3 14.g5 Nd7 15.Bxa3 Qxa3+
16.Kb1 O-O-O 17.d4 Nb6 18.Rd3 Qe7 19.d5 cxd5 20.cxd5 Qd6 21.Nb5 Qxf4 22.Rf1 Qxg5
23.h4 Qe7 24.Qe5 Rxd5 25.Rc1+  1-0

[Event "Pan-Am Intercollegiate 2012"]
[Site "Princeton USA"]
[Date "2012.12.28"]
[Round "2"]
[White "Bregadze,L"]
[Black "Labedz,P"]
[Result "1-0"]
[WhiteElo "2360"]
[BlackElo "2111"]

1.Nf3 d5 2.c4 c6 3.e3 Nf6 4.b3 Bf5 5.Bb2 e6 6.Be2 h6 7.O-O Nbd7 8.d4 Bd6
9.Ne5 O-O 10.Nd2 Ne4 11.Nxe4 Bxe4 12.f3 Bh7 13.Nxd7 Qxd7 14.Bd3 Bxd3 15.Qxd3 Rad8
16.Rad1 b6 17.e4 Rfe8 18.Kh1 Qc7 19.h3 Bf8 20.Qc2 Qb7 21.Rfe1 Rd7 22.f4 Bb4
23.Re2 Bf8 24.exd5 cxd5 25.f5 Qc6 26.Rde1 Rc7 27.Qd2 Rcc8 28.fxe6 Rxe6 29.Rxe6 fxe6
30.Qe3 dxc4 31.bxc4 Kf7 32.Qe5 Qd6 33.Qh5+ Kg8 34.Rf1 Qg3 35.Qf7+ Kh7 36.Qxe6 Qc7
37.d5 Rd8 38.Qf5+ Kg8 39.Qg6 Qd6 40.Qf7+ Kh7 41.Rf6 Qb4 42.Bc1 Qe1+ 43.Rf1 Qg3
44.Bf4 Qd3 45.Bc7 Rc8 46.d6  1-0

[Event "Pan-Am Intercollegiate 2012"]
[Site "Princeton USA"]
[Date "2012.12.28"]
[Round "3"]
[White "Margvelashvili,G"]
[Black "Iotov,V"]
[Result "1/2-1/2"]
[WhiteElo "2569"]
[BlackElo "2575"]

1.Nf3 d5 2.c4 c6 3.g3 Bg4 4.Bg2 e6 5.O-O Nf6 6.Qb3 Qb6 7.Qc2 Nbd7 8.d3 Be7
9.b3 O-O 10.Bb2 a5 11.a3 Qa6  1/2-1/2

[Event "3rd Arco Christmas"]
[Site "Arco ITA"]
[Date "2012.12.29"]
[Round "5.4"]
[White "Dappiano,A"]
[Black "Giancotti,E"]
[Result "0-1"]
[WhiteElo "2183"]
[BlackElo "2040"]

1.Nf3 d5 2.c4 c6 3.g3 Bf5 4.cxd5 cxd5 5.Qb3 Qc8 6.Nc3 e6 7.d3 Nc6 8.Bg2 Nf6
9.O-O Be7 10.Re1 O-O 11.e4 dxe4 12.dxe4 Bg6 13.e5 Nd7 14.Be3 Nc5 15.Bxc5 Bxc5
16.Ne4 Bxe4 17.Rxe4 Qc7 18.Rc1 Qb6 19.Qc2 Be7 20.Rc4 Rad8 21.Qc3 Nb4 22.Qb3 Rd3
23.R1c3 Rxc3 24.bxc3 Nc6 25.Qxb6 axb6 26.Nd4 Nxe5 27.Rc7 Bc5 28.Rxb7 Rc8
29.Nb3 Bf8 30.Rxb6 Rxc3 31.a4 Nd7 32.Rb5 Nc5 33.Nxc5 Rxc5 34.Rb7 g6 35.Bf1 Rc2
36.f4 Bc5+ 37.Kh1 Rc1 38.Kg2 Rc2+ 39.Kh3 h5 40.a5 Bg1 41.Bg2 Ra2 42.Rb1 Ba7
43.Rb5 Kg7 44.Re5 Bg1 45.Re1 Bd4 46.Rd1 Bf6 47.Rd3 Rxa5 48.g4 hxg4+ 49.Kxg4 g5
50.fxg5 Rxg5+ 51.Kf3 Be5 52.Bf1 Bxh2 53.Rd2 Rf5+ 54.Kg2 Be5 55.Rf2 Rg5+ 56.Kf3 Kf6
57.Ke4+ Ke7 58.Rg2 Rf5 59.Be2 Bd6 60.Rg4 Rf2 61.Ke3 Bc5+ 62.Kd3 f5 63.Rg6 e5
64.Bh5 e4+ 65.Kc4 Bd6 66.Kd4 Rd2+ 67.Ke3 Rd3+ 68.Ke2 Rh3 69.Rh6 Bf4 70.Rh7+ Kf6
71.Kf1 Ke5  0-1

[Event "29th Travemuender Schach-Open"]
[Site "Travemuende GER"]
[Date "2012.12.29"]
[Round "5.5"]
[White "Svane,R"]
[Black "Bulygin,A"]
[Result "1-0"]
[WhiteElo "2371"]
[BlackElo "2033"]

1.Nf3 d5 2.c4 e6 3.g3 Nf6 4.Bg2 Be7 5.O-O O-O 6.b3 c5 7.Bb2 Nc6 8.e3 Qc7
9.Nc3 a6 10.cxd5 exd5 11.d4 cxd4 12.Nxd4 Rd8 13.Rc1 Bg4 14.Qd2 Rac8 15.h3 Be6
16.Nxe6 fxe6 17.h4 Bb4 18.Qd3 Qe7 19.Rfd1 Rf8 20.Ne2 Nh5 21.Nf4 Nxf4 22.exf4 Rcd8
23.Rc2 e5 24.fxe5 Nxe5 25.Qe2 Nc6 26.Rxd5 Qxe2 27.Rxe2 Rfe8 28.Rxe8+ Rxe8
29.Rd7 Re7 30.Rxe7 Bxe7 31.Bd5+ Kf8 32.Kg2 Bf6 33.Bxf6 gxf6 34.Bxc6 bxc6
35.Kf3  1-0

[Event "21st Donau Open 2012"]
[Site "Aschach AUT"]
[Date "2012.12.31"]
[Round "7"]
[White "Holzmann,H"]
[Black "Wallner,J"]
[Result "0-1"]
[WhiteElo "2121"]
[BlackElo "2373"]

1.Nf3 d5 2.c4 c6 3.e3 Nf6 4.Nc3 a6 5.Qb3 e6 6.d4 Nbd7 7.Bd3 Be7 8.O-O b5
9.cxd5 cxd5 10.Bd2 O-O 11.Ne2 Nb6 12.Ba5 Qd6 13.a3 Nc4 14.Bb4 Qd8 15.Bxe7 Qxe7
16.Qa2 Bd7 17.b3 Nb6 18.Ne5 Rfc8 19.Nxd7 Qxd7 20.Qd2 Ne4 21.Qa5 Qb7 22.Rfc1 g6
23.f3 Nd6 24.Rc5 Nd7 25.Rxc8+ Rxc8 26.a4 Nb8 27.Qb4 Qd7 28.axb5 axb5 29.Ra8 Kg7
30.Qa3 Qb7 31.Ra7 Qb6 32.Kf2 Kf6 33.Nf4 b4 34.Qa4 Rc3 35.Ke2 Nc6 36.Ra6 Qc7
37.Kd2 Nxd4 38.Qxb4 Rxd3+ 39.Kxd3 Qc2+  0-1

[Event "Australian Open 2013"]
[Site "Cammeray AUS"]
[Date "2013.01.02"]
[Round "1.12"]
[White "Van der Wal,F"]
[Black "Tan,Ju2"]
[Result "1/2-1/2"]
[WhiteElo "1852"]
[BlackElo "2284"]

1.Nf3 d5 2.c4 c6 3.g3 Bg4 4.Bg2 e6 5.Qb3 Qb6 6.Ne5 Qxb3 7.axb3 Bf5 8.d3 Nf6
9.Be3 Bd6 10.Nf3 Nbd7 11.Nc3 a6 12.O-O h6 13.Nd4 Bh7 14.Nc2 O-O 15.h3 Rfc8
16.Rac1 Nc5 17.Na1 b5 18.b4 Ncd7 19.c5 Bc7 20.Nb3 e5 21.Bd2 Nf8 22.e4 dxe4
23.Nxe4 Nxe4 24.dxe4 Rd8 25.Be3 Rd3 26.Rc3 Rad8 27.Bf3 f6 28.Ra1 Rxc3 29.bxc3 Ra8
30.Na5 Bxa5 31.Rxa5 Kf7 32.Bg2 Ne6 33.f3 Nd8 34.Ra1 Nb7 35.Bf1 f5  1/2-1/2